| 000 | 00475nam a2200133Ia 4500 | ||
|---|---|---|---|
| 008 | 220216s9999 xx 000 0 und d | ||
| 100 | _aXiuqian Z | ||
| 245 | 0 | _aSignificance of the structure of laticifer with relation to the exudation of latex in Hevea brasiliensis | |
| 260 | _bProceedings of the IRRDB Symposium: Rubber Physiology and Exploitation, China, 1986; p68-74 | ||
| 650 | _aHevea brasiliensis | ||
| 650 | _aLatex exudation | ||
| 650 | _aLaticifer | ||
| 942 | _cJS | ||
| 999 |
_c68687 _d68687 |
||